The Pink Quiz - Statistics

General Stats
  • This quiz has been taken 30 times
  • The average score is 10 of 12
Answer Stats
Picture Answer % Correct
Butterfly
97%
Flower
93%
Shoes
90%
Cup
86%
Die
86%
Fireworks
86%
Flamingo
86%
Highlighter
86%
Sky
86%
Ball
79%
Water
79%
Ornament
66%
No matching quizzes found
Score Distribution
Percent of People with Each Score
Percentile by Number Answered
Your Score History
You have not taken this quiz